[Event "TUR-ch op"]
[Site "Antalya"]
[Date "2008.02.09"]
[Round "10.66"]
[White "Erol, Adil Murat"]
[Black "Araboga, Mesut"]
[Result "0-1"]
[WhiteElo "1542"]
[BlackElo "1603"]
[PlyCount "132"]
[EventDate "2008.02.04"]
[EventType "swiss"]
[EventRounds "11"]
[EventCountry "TUR"]
[SourceTitle "CBM 122 Extra"]
[Source "ChessBase"]
[SourceDate "2008.03.04"]
[SourceVersion "1"]
[SourceVersionDate "2008.03.04"]
[SourceQuality "1"]

1. e4 c5 2. c3 Nf6 3. e5 Nd5 4. d4 cxd4 5. Nf3 e6 6. cxd4 d6 7. Nc3 Be7 8. Bc4 Nb6 9. Bb3 Nc6 10. 0-0 0-0 11. Bc2 f5 12. exf6 Bxf6 13. d5 Nb4 14. dxe6 Nxc2 15. Qxc2 Bxe6 16. Re1 Bf7 17. Ne4 Bg6 18. Nxf6+ Qxf6 19. Qb3+ Bf7 20. Qd1 Bd5 21. Re3 Rae8 22. Rxe8 Rxe8 23. a4 Bxf3 24. gxf3 Nc4 25. Qd5+ Qf7 26. Qxf7+ Kxf7 27. Kf1 b6 28. b3 Ne5 29. Kg2 d5 30. Bb2 Nc6 31. Rd1 d4 32. Rd2 Rd8 33. f4 Ke6 34. Kf3 Kf5 35. b4 Nxb4 36. Rxd4 Rxd4 37. Bxd4 g6 38. Be5 a6 39. Bc7 Nd5 40. Be5 b5 41. axb5 axb5 42. h3 g5 43. Bb2 Nxf4 44. Kg3 Nd3 45. Ba1 h5 46. h4 g4 47. f3 gxf3 48. Kxf3 Ne5+ 49. Kg3 b4 50. Bb2 Nc4 51. Ba1 b3 52. Bc3 b2 53. Bxb2 Nxb2 54. Kf3 Nc4 55. Kg3 Ke4 56. Kg2 Kf4 57. Kh3 Ne3 58. Kh2 Kg4 59. Kg1 Kg3 60. Kh1 Nf5 61. Kg1 Nxh4 62. Kh1 Nf5 63. Kg1 h4 64. Kh1 h3 65. Kg1 Nd6 66. Kh1 Ne4 0-1